| 000 | 00737 a2200193 4500 | ||
|---|---|---|---|
| 003 | NUST | ||
| 005 | 20251121182034.0 | ||
| 040 | _cNust | ||
| 082 | _a621.382,IDR | ||
| 100 |
_aIdrees , CSUO Fahad (TCC-17) _9131994 |
||
| 245 |
_aDevelopment of signaling system NO. 7 Protocol analyzer / _cCSUO Fahad Idrees, NC Mohammad Naeem Adil, PC Suleman Khalid and GC M. Ali Sabahat. |
||
| 260 |
_aRawalpindi _bMCS (NUST) _c2009 |
||
| 300 | _a74 p.; | ||
| 505 | _aIntroduction (Page-1), Literature review (Page-5), Results (Page-29), Discussion (Page-41), Conclusion (Page-50), References (Page-64). | ||
| 650 |
_aUG Projects _998716 |
||
| 651 |
_aTCC-17B _9131348 |
||
| 700 |
_aSupervised by Lt Col Javed Hussain _9131995 |
||
| 942 |
_cPR _2ddc |
||
| 999 |
_c184025 _d184025 |
||